| 000 | 00383nam a22001337a 4500 | ||
|---|---|---|---|
| 999 |
_c115293 _d115293 |
||
| 005 | 20220113153420.0 | ||
| 008 | 191231b ||||| |||| 00| 0 eng d | ||
| 040 | _cPK-LaUMT | ||
| 082 |
_a346.00264 _bUNC- |
||
| 245 |
_aUnclassified cases [UC, Vol. XIX, 1998] _cedited by M. Farani. . .[et al.] |
||
| 260 |
_aLahore: _bNational Law Reporter, _c1998 |
||
| 300 | _a792 p. | ||
| 942 | _cLPJ | ||